[Event "Vaujany Principal"]
[Site "Vaujany"]
[Date "2012.07.14"]
[Round "3.33"]
[White "Abdesselem, Ahmed"]
[Black "Michel, Stephan"]
[Result "1-0"]
[WhiteElo "1875"]
[BlackElo "1989"]
[Annotator "Jean-pierre,LEES"]
[PlyCount "101"]
[SourceDate "2012.07.12"]
[TimeControl "240+2"]

{1024MB, Fritz8.ctg
} 1. e4 g6 2. d4 Bg7 3. Nf3 d6 4. Be2 Nd7 5. O-O e5 6. dxe5
dxe5 7. Bg5 Ngf6 8. Nc3 O-O 9. h3 c6 10. a4 Qc7 11. Be3 Rd8 12. Qc1 Nf8 13. a5
Ne6 14. Bc4 Bf8 15. Ng5 Nxg5 16. Bxg5 Be7 17. Rd1 Rd4 18. Bd3 Be6 19. Qe3 Rad8
20. Qf3 Kg7 21. Be3 Bb4 22. Bxd4 exd4 23. Ne2 Bxa5 24. Nf4 Bc8 25. Bc4 b5 26.
Bb3 Bb6 27. g4 Bb7 28. g5 Ne8 29. h4 Nd6 30. h5 Qe7 31. Nh3 Nxe4 32. Re1 c5 33.
h6+ Kf8 34. Qg4 c4 35. Ba2 Re8 (35... d3 36. Rad1 (36. cxd3 Rxd3 37. Rad1 Rxh3
38. Qxh3 Bxf2+ (38... Qxg5+ 39. Kf1) 39. Kf1 Bxe1 40. Rxe1 Qxg5) 36... dxc2 37.
Rc1 Rd3 38. Rxc2 Nxf2 39. Rxe7 Nxg4+ 40. Kf1 Kxe7) 36. f3 d3+ 37. Kg2 d2 $6 38.
Rxe4 Bxe4 39. fxe4 Qb7 (39... Qxe4+ 40. Qxe4 Rxe4 41. Rd1 Re1 42. Rxd2 Ra1 43.
Bxc4 bxc4) 40. Kf3 Qc7 41. Rd1 Rd8 42. Bb1 Qc5 43. Qf4 Qd4 44. c3 Qd7 45. Nf2
b4 46. Ng4 bxc3 47. bxc3 Ba5 48. Qe5 Qa4 49. Ke2 Qa1 50. Nf6 Bxc3 51. Qc5+ 1-0

[Event "Vaujany Principal"]
[Site "Vaujany"]
[Date "2012.07.14"]
[Round "3.34"]
[White "Borderie, David"]
[Black "De Lagontrie, Jean"]
[Result "1-0"]
[WhiteElo "1986"]
[BlackElo "1868"]
[Annotator "Jean-pierre,LEES"]
[PlyCount "81"]
[SourceDate "2012.07.12"]
[TimeControl "240+2"]

{1024MB, Fritz8.ctg
} 1. Nf3 d5 2. c4 d4 3. b4 g6 4. Bb2 Bg7 5. d3 e5 6. g3 Ne7
7. Bg2 O-O 8. O-O Nd7 9. Nbd2 a5 10. a3 c5 11. Qc2 a4 12. Ne4 Qc7 13. bxc5 Nxc5
14. Nxc5 Qxc5 15. Rfb1 Bd7 16. Ne1 Nc6 17. Bc1 Na5 18. Bxb7 Nxb7 19. Rxb7 Bc6
20. Rbb1 Ra7 21. Bd2 Ba8 22. f3 Re8 23. Rb5 Qc6 24. Rab1 h5 25. R1b4 Qd7 26.
Rb8 Kh7 27. Rxe8 Qxe8 28. Qb1 f5 29. Rb8 Qd7 30. Qb6 Rb7 31. Rxb7 Qxb7 32. Qxb7
Bxb7 33. Nc2 e4 34. fxe4 fxe4 35. Bb4 exd3 36. exd3 Bc8 37. Bd6 Bf5 38. Nb4 Kg8
39. Kf2 Bf8 40. Bxf8 Kxf8 41. Ke2 1-0

[Event "Vaujany"]
[Site "?"]
[Date "2012.07.15"]
[Round "4.1"]
[White "Istratescu, Andrei"]
[Black "Epishin, Vladimir"]
[Result "1/2-1/2"]
[WhiteElo "2641"]
[BlackElo "2567"]
[PlyCount "63"]
[SourceDate "2012.07.12"]

1. e4 c6 2. d4 d5 3. e5 Bf5 4. Nd2 e6 5. Nb3 Nd7 6. Ne2 Be7 7. Nf4 Bg5 8. Nh5
g6 9. Ng7+ Kf8 10. Nxf5 Bxc1 11. Rxc1 exf5 12. Qd2 Ne7 13. c4 Kg7 14. cxd5 Nxd5
15. Bc4 N7b6 16. Be2 Nc7 17. Nc5 Ne6 18. Nxe6+ fxe6 19. O-O Re8 20. b4 a6 21.
Bd1 Re7 22. Bb3 Nd5 23. Bxd5 Qxd5 24. Rc5 Qe4 25. f3 Qh4 26. Qf2 Qxf2+ 27. Kxf2
f4 28. Re1 Rd8 29. Re4 Red7 30. Rc4 g5 31. h4 h6 32. h5 1/2-1/2

[Event "Vaujany"]
[Site "?"]
[Date "2012.07.15"]
[Round "4.2"]
[White "Gozzoli, Yannick"]
[Black "Horvath, Jozsef"]
[Result "1/2-1/2"]
[WhiteElo "2547"]
[BlackElo "2531"]
[PlyCount "107"]
[SourceDate "2012.07.12"]

1. d4 Nf6 2. c4 g6 3. f3 d5 4. cxd5 Nxd5 5. e4 Nb6 6. Nc3 Bg7 7. Be3 e5 8. d5
c6 9. h4 cxd5 10. exd5 h5 11. Qd2 Bf5 12. Nh3 Na6 13. Ng5 Rc8 14. Bb5+ Bd7 15.
Be2 Nc4 16. Bxc4 Rxc4 17. Nce4 O-O 18. b3 Rd4 19. Bxd4 exd4 20. O-O Nc7 21. Qb4
b6 22. Qd6 Bb5 23. Rfe1 d3 24. Rad1 Nxd5 25. g3 Nc3 {Diagramme #} 26. Nxf7 Qxd6
27. Nfxd6 Nxd1 28. Rxd1 Ba6 29. b4 Rxf3 30. b5 Bxb5 31. Nxb5 Re3 32. Nbd6 Be5
33. Kf2 Bd4 34. Kg2 Kf8 35. Nf2 Re2 36. Nde4 Rxa2 37. Rxd3 Be5 38. Rd5 Bc7 39.
Rd7 Rc2 40. Kf3 a5 41. Nd3 a4 42. Ndc5 bxc5 43. Rxc7 a3 44. Ra7 a2 45. Kf4 c4
46. Kg5 Re2 47. Nf6 Re7 48. Rxa2 Kg7 49. Ra5 c3 50. Rc5 c2 51. Ne8+ Kh7 52.
Nf6+ Kg7 53. Ne8+ Kh7 54. Nf6+ 1/2-1/2

[Event "Vaujany"]
[Site "?"]
[Date "2012.07.15"]
[Round "4.3"]
[White "Juhasz, Kristof"]
[Black "Edouard, Romain"]
[Result "0-1"]
[WhiteElo "2365"]
[BlackElo "2646"]
[PlyCount "88"]
[SourceDate "2012.07.12"]

1. Nf3 c5 2. c4 Nc6 3. d4 cxd4 4. Nxd4 Nf6 5. Nc3 e6 6. Ndb5 d6 $5 7. Bf4 e5 8.
Bg5 a6 9. Na3 (9. Bxf6 $5 gxf6 10. Na3) 9... Be6 10. e3 Qa5 $5 11. Qd2 (11.
Bxf6 $5) 11... Be7 12. Be2 O-O 13. Bxf6 $6 (13. Rd1 $142) 13... Bxf6 14. Bf3
Rab8 15. Nd5 $6 (15. Bd5 Be7 $132) 15... Bd8 16. Nc2 Qc5 17. Be2 {#} Ba5 $1 $19
18. b4 Bxd5 19. bxc5 Bxg2 20. Rg1 Be4 21. Qxa5 Nxa5 22. O-O-O dxc5 23. f3 Bc6
24. e4 b5 25. Ne3 bxc4 26. Bxc4 Nxc4 27. Nxc4 f6 28. Ne3 Rfd8 29. Nf5 Rxd1+ 30.
Rxd1 Kf7 31. Rd6 Rc8 32. Rd2 Rc7 33. Kc2 g6 34. Nd6+ Ke6 35. Nc4 Rd7 36. Rxd7
Bxd7 37. Kd2 Bb5 38. Ne3 f5 39. h4 h5 40. Nd1 fxe4 41. fxe4 Kf6 42. Ne3 Bc6 43.
Kd3 g5 44. hxg5+ Kxg5 0-1

[Event "Vaujany"]
[Site "?"]
[Date "2012.07.15"]
[Round "4.4"]
[White "Serafimov, Tervel"]
[Black "Foisor, Ovidiu-Doru"]
[Result "1-0"]
[WhiteElo "2425"]
[BlackElo "2381"]
[PlyCount "43"]
[SourceDate "2012.07.12"]

1. d3 g6 2. g3 Bg7 3. Bg2 c5 4. e4 Nc6 5. f4 d6 6. Nf3 e5 7. c3 Nge7 8. O-O h6
9. Na3 Be6 10. Be3 exf4 11. Bxf4 Ne5 12. Qa4+ Qd7 13. Qxd7+ Kxd7 14. Ne1 d5 (
14... g5 $5) 15. Rd1 Rad8 (15... d4 $5) 16. d4 $5 cxd4 17. Bxe5 $5 Bxe5 18. Nf3
Bg7 (18... Bd6 $8 19. exd5 (19. Nb5 dxe4 20. Rxd4 Bd5 $1) 19... Bxd5 20. Nxd4
Bxa3 $13) 19. Nxd4 $16 Bxd4+ 20. Rxd4 Kc8 21. exd5 Nxd5 $2 (21... Bxd5 22. Bxd5
Nxd5 23. Rxf7 $16) 22. Rfd1 1-0

[Event "Vaujany"]
[Site "?"]
[Date "2012.07.15"]
[Round "4.5"]
[White "Gelas, Christian"]
[Black "Torma, Róbert"]
[Result "0-1"]
[WhiteElo "2148"]
[BlackElo "2424"]
[PlyCount "126"]
[SourceDate "2012.07.12"]

1. d4 f5 2. g3 Nf6 3. Bg2 g6 4. Nf3 Bg7 5. O-O O-O 6. c4 d6 7. Nc3 Qe8 8. Re1
Qf7 9. e4 fxe4 10. Nxe4 Qxc4 11. Ned2 Qb4 12. a3 Qb6 13. Nc4 Qb5 14. Bf1 Qe8
15. d5 Bg4 16. Be2 c6 17. Ne3 Bc8 18. Bc4 Kh8 19. Ng5 b5 20. Bd3 cxd5 21. Qb3
e6 22. Qxb5 Qxb5 23. Bxb5 h6 24. Nf3 g5 25. Kg2 Bb7 26. Nd4 e5 27. Ne6 d4+ 28.
f3 dxe3 29. Nxf8 Bxf8 30. Bxe3 a6 31. Ba4 g4 32. Bd1 gxf3+ 33. Bxf3 Bxf3+ 34.
Kxf3 Nc6 35. Rac1 Ne7 36. g4 Ned5 37. g5 Nxe3 38. gxf6 Nd5 39. f7 Ra7 40. Ke4
Nf4 41. Rc6 Kg7 42. Rec1 d5+ 43. Kxe5 Nd3+ 44. Kxd5 Rd7+ 45. Ke6 Re7+ 46. Kd5
Nxc1 47. Rxc1 Re2 48. b4 Rxh2 49. Rc6 a5 50. b5 Rd2+ 51. Ke6 Bxa3 52. Ra6 Re2+
53. Kd5 Be7 54. Rxa5 Kxf7 55. b6 Re6 56. Rb5 Bd6 57. Kc6 Bg3+ 58. Kd7 Rd6+ 59.
Kc8 Rd3 60. b7 Rc3+ 61. Kd8 Bb8 62. Rb6 Kg7 63. Kd7 h5 0-1

[Event "Vaujany"]
[Site "?"]
[Date "2012.07.15"]
[Round "4.6"]
[White "Kukov, Velislav"]
[Black "Kantans, Tom"]
[Result "1/2-1/2"]
[WhiteElo "2404"]
[BlackElo "2354"]
[PlyCount "61"]
[SourceDate "2012.07.12"]

1. Nf3 Nf6 2. d4 g6 3. g3 Bg7 4. Bg2 O-O 5. O-O d5 6. Nbd2 Ne4 7. c3 c5 8. Ne5
Nxd2 9. Qxd2 cxd4 10. cxd4 Nc6 11. Nxc6 bxc6 12. b3 a5 13. Ba3 a4 14. Rfc1 axb3
15. axb3 Rb8 16. Qe3 Bd7 17. Qxe7 Bxd4 18. Qxf8+ Qxf8 19. Bxf8 Bxa1 20. Bd6 Ra8
21. b4 Bb2 22. Rd1 Ra1 23. Rxa1 Bxa1 24. e3 Bf5 25. Bc5 Bc3 26. Bf1 Bc2 27. Ba6
Ba4 28. f3 Bb5 29. Bxb5 cxb5 30. Kf2 f5 31. Ke2 1/2-1/2

[Event "Vaujany"]
[Site "?"]
[Date "2012.07.15"]
[Round "4.7"]
[White "Riff, Jean-Noel"]
[Black "Roeberg, Frank"]
[Result "1-0"]
[WhiteElo "2500"]
[BlackElo "2253"]
[PlyCount "59"]
[SourceDate "2012.07.12"]

1. e4 e5 2. Nf3 Nc6 3. Bb5 a6 4. Ba4 Nf6 5. O-O Nxe4 6. d4 b5 7. Bb3 Be7 8.
Nxe5 Nxe5 9. dxe5 Bb7 10. Qg4 O-O 11. c3 d5 12. Be3 f5 13. exf6 Nxf6 14. Qh4
Qd7 15. h3 Rae8 16. Nd2 Kh8 17. Bc2 Ne4 18. Qh5 Bd6 $2 (18... Nf6 $1 19. Qd1 (
19. Qh4 $11) 19... c5 20. Nb3 $13) 19. Nxe4 dxe4 20. Rad1 Qe7 21. a4 Bc8 {
Diagramme #} 22. Rd5 $1 Bd7 (22... Be6 $2 23. Bxe4 $3 g6 24. Bd4+ Kg8 25. Rg5
$18) 23. axb5 axb5 24. Rfd1 Bc6 25. Rg5 $6 (25. R5d2 $16) 25... h6 $2 (25...
Bf4 $1 26. Bxf4 Rxf4 27. Rg3) 26. Rg6 Rf6 {Diagramme #} 27. Bg5 $3 e3 (27...
Qe5 28. Rxf6 Qxg5 29. Qxg5 hxg5 30. Rf5 $18) (27... Be5 28. Bxf6 Bxf6 29. Rxh6+
$1 gxh6 30. Qxh6+ Qh7 (30... Kg8 31. Bb3+) 31. Qxf6+ Qg7 32. Qxc6 $18) 28.
Qxh6+ $1 gxh6 29. Bxf6+ Qxf6 30. Rxf6 {
la finale est sans espoir, les noirs abandonnent} 1-0

[Event "Vaujany"]
[Site "?"]
[Date "2012.07.15"]
[Round "4.8"]
[White "Milchev, Nikolay"]
[Black "Kormos, Adam"]
[Result "1-0"]
[WhiteElo "2421"]
[BlackElo "2193"]
[PlyCount "69"]
[SourceDate "2012.07.12"]

1. Nf3 Nf6 2. c4 g6 3. Nc3 c5 4. g3 Bg7 5. Bg2 O-O 6. O-O Nc6 7. d3 d5 8. cxd5
Nxd5 9. Bd2 Nxc3 10. bxc3 e5 11. Ng5 Qc7 12. Rb1 h6 13. Ne4 b6 14. c4 Bb7 15.
Qa4 Nd4 16. Nc3 Rfd8 17. Be3 Bxg2 18. Kxg2 Qb7+ 19. Kg1 f5 20. Bxd4 exd4 21.
Nd5 Re8 22. Rfe1 g5 23. Qb5 Qf7 24. a4 Re6 25. a5 Rae8 26. axb6 axb6 27. Nxb6
Bf8 28. Nd5 Rxe2 {Diagramme #} 29. Qxe8 Rxe8 30. Rxe8 Kh7 31. Rbb8 Bd6 32. Rbd8
Kg7 33. Re1 Bf8 34. Ree8 Bd6 35. Nb6 1-0

[Event "Vaujany"]
[Site "?"]
[Date "2012.07.15"]
[Round "4.9"]
[White "Valles, Manuel"]
[Black "Nguyen, Chi Minh"]
[Result "1-0"]
[WhiteElo "2248"]
[BlackElo "2405"]
[PlyCount "83"]
[SourceDate "2012.07.12"]

1. c4 b6 2. b3 Bb7 3. Bb2 e6 4. Nc3 Nf6 5. e3 d5 6. Nf3 Nbd7 7. cxd5 exd5 8.
Be2 a6 9. O-O Bd6 10. Nd4 c5 11. Nf5 Bf8 12. d4 g6 13. Nh4 Bg7 14. Nf3 O-O 15.
Rc1 Rc8 16. dxc5 Nxc5 17. Na4 Ne6 18. Rxc8 Bxc8 19. Qc2 b5 20. Nc5 Nxc5 21.
Qxc5 Bg4 22. Qb4 Bxf3 23. Bxf3 Qb8 24. Bxf6 Bxf6 25. Bxd5 Rc8 26. a4 Qe5 27.
Bb7 Be7 28. Qg4 f5 29. Qf3 Rc3 30. Bxa6 b4 31. Bb7 Kg7 32. Qd5 Kf6 33. Qg8 Qe6
34. Bd5 Qxg8 35. Bxg8 g5 36. g3 f4 37. exf4 gxf4 38. gxf4 Bc5 39. Kg2 h5 40.
Bc4 Kf5 41. Rd1 Kxf4 42. Rd5 1-0

[Event "Vaujany"]
[Site "?"]
[Date "2012.07.15"]
[Round "4.10"]
[White "Foisor, Cristina-Adela"]
[Black "Skinke, Katrina"]
[Result "1-0"]
[WhiteElo "2401"]
[BlackElo "2238"]
[PlyCount "127"]
[SourceDate "2012.07.12"]

1. c4 Nf6 2. g3 g6 3. Bg2 Bg7 4. Nc3 d6 5. e4 c5 6. Nge2 Nc6 7. d3 O-O 8. a3
Bd7 9. Rb1 Qc8 10. h3 Nd4 11. Bg5 Rb8 12. Nxd4 cxd4 13. Bxf6 exf6 14. Nd5 Re8
15. h4 f5 16. O-O fxe4 17. Bxe4 Bc6 18. b4 Kh8 19. Rb2 f5 20. Bg2 Bxd5 21. Bxd5
f4 22. g4 Re5 23. Qf3 Qd8 24. Qxf4 Qxh4 25. Qg3 Qe7 26. Kg2 b5 27. Rh1 bxc4 28.
dxc4 Rf8 29. Bf3 Qf7 30. Re2 Bf6 31. Bd5 Qe7 32. Rxe5 Bxe5 33. Qh4 Bf6 34. Qh3
Bg5 35. Qd3 Qf6 36. Bf3 Bf4 37. Qe4 Kg7 38. a4 Bd2 39. Rh3 Rb8 40. b5 Rf8 41.
Qe2 Bc3 42. Bd5 Bb4 43. Rg3 h6 44. Rf3 Qe5 45. Qd3 Rf4 46. Rxf4 Qxf4 47. Bf3
Kf6 48. Qb1 Ba5 49. Qb2 Bb6 50. Qe2 Ba5 51. Qe8 Bb6 52. a5 Bxa5 53. Qf8+ Kg5
54. Qe7+ Qf6 55. Qxa7 Bb4 56. b6 Bc5 57. Qa5 d3 58. b7 Qb2 59. Qd8+ Kf4 60.
Qf8+ Kg5 61. Qe7+ Kf4 62. Qf7+ Kg5 63. Be4 Kh4 64. Qf4 1-0

[Event "Vaujany"]
[Site "?"]
[Date "2012.07.15"]
[Round "4.11"]
[White "Moal, Alain"]
[Black "Olivier, Jean-Christophe"]
[Result "1/2-1/2"]
[WhiteElo "2175"]
[BlackElo "2394"]
[PlyCount "54"]
[SourceDate "2012.07.12"]

1. d4 Nf6 2. c4 e6 3. Nf3 Bb4+ 4. Bd2 Qe7 5. g3 O-O 6. a3 (6. Bg2 $1) 6...
Bxd2+ 7. Qxd2 d6 8. Bg2 e5 9. Nc3 Nc6 10. Nd5 (10. O-O Bg4) 10... Nxd5 11. cxd5
Nxd4 12. Nxd4 exd4 13. Qxd4 (13. O-O) 13... Bd7 14. Rc1 (14. e3 Bb5) 14... c5
15. dxc6 Bxc6 $2 (15... bxc6 16. O-O c5 17. Qd2 Rab8) 16. O-O $1 Bxg2 17. Kxg2
Qxe2 18. Rfe1 $1 Qb5 19. Rc7 Rfe8 $6 (19... Rac8) 20. Rxe8+ Rxe8 21. Qxd6 Rf8
22. Qc5 (22. b4 g6) 22... Qxc5 23. Rxc5 f6 24. Rc7 (24. Kf3 g6 25. Rc7 Rf7 26.
Rxf7 Kxf7 27. Ke4 Ke6 28. f4 $14) 24... Rf7 25. Rc8+ Rf8 26. Rc7 Rf7 27. Rc8+
Rf8 1/2-1/2

[Event "Vaujany"]
[Site "?"]
[Date "2012.07.15"]
[Round "4.12"]
[White "Roos, Daniel"]
[Black "Delorme, Laurie"]
[Result "1-0"]
[WhiteElo "2383"]
[BlackElo "2171"]
[PlyCount "53"]
[SourceDate "2012.07.12"]

1. d4 d5 2. Nf3 Nf6 3. Bf4 c5 4. e3 Nc6 5. c3 Qb6 6. Qc1 Bf5 7. Nbd2 h6 8. Be2
e6 9. O-O Be7 10. dxc5 Bxc5 11. a4 Qd8 12. Nd4 Bg6 13. Bb5 Bxd4 14. Bxc6+ bxc6
15. cxd4 O-O 16. Ra3 Nh5 17. Bg3 Nxg3 18. hxg3 Rb8 19. Nb3 Qe7 20. Nc5 Rb4 21.
Rc3 Rc8 22. Rd1 e5 23. b3 exd4 24. exd4 Bh5 25. Re3 Qf6 26. Rd2 Rd8 27. Qc3 1-0

[Event "Vaujany Principal"]
[Site "Vaujany"]
[Date "2012.07.15"]
[Round "4.13"]
[White "Viennot, Dylan"]
[Black "Kurayan, Ruslan"]
[Result "1/2-1/2"]
[WhiteElo "2149"]
[BlackElo "2318"]
[Annotator "Jean-pierre,LEES"]
[PlyCount "77"]
[SourceDate "2012.07.12"]
[TimeControl "240+2"]

{1024MB, Fritz8.ctg
} 1. e4 c5 2. Nf3 d6 3. Bb5+ Nd7 4. d4 Ngf6 5. Nc3 a6 6.
Bxd7+ Nxd7 7. O-O e6 8. a4 b6 9. dxc5 Nxc5 10. b4 Nd7 11. Qd4 Be7 12. Bb2 e5
13. Qd3 O-O 14. Nd2 Nf6 15. f4 a5 16. b5 exf4 17. Rxf4 Ng4 18. Nd5 Bg5 19. Rff1
Be6 20. Nc4 Bxd5 21. exd5 Qc7 22. Qd4 f5 23. Qd3 Rac8 24. Rxf5 Rxf5 25. Qxf5
Qxc4 26. Rf1 Bf6 27. Bxf6 Nxf6 28. Qe6+ Kh8 29. Rxf6 gxf6 30. Qxf6+ Kg8 31.
Qg5+ Kf8 32. Qf6+ Ke8 33. Qe6+ Kf8 34. Qf6+ Kg8 35. Qg5+ Kf7 36. Qf5+ Ke7 37.
Qe5+ Kf8 38. Qf6+ Kg8 39. Qg5+ 1/2-1/2

[Event "Vaujany"]
[Site "?"]
[Date "2012.07.15"]
[Round "4.14"]
[White "Csonka, Balazs"]
[Black "Adam, Gyorgy jr."]
[Result "1-0"]
[WhiteElo "2306"]
[BlackElo "2140"]
[PlyCount "75"]
[SourceDate "2012.07.12"]

1. c4 g6 2. d4 Nf6 3. Nc3 d5 4. cxd5 Nxd5 5. e4 Nxc3 6. bxc3 Bg7 7. Be3 c5 8.
Rc1 Qa5 9. Qd2 O-O 10. Nf3 Nc6 11. d5 Ne5 12. Nxe5 Bxe5 13. f4 Bg7 14. Be2 e5
15. O-O f5 16. fxe5 Bxe5 17. Bc4 Bd7 18. Bh6 b5 19. d6+ Kh8 20. Bxf8 Rxf8 21.
Qd5 Bxc3 22. Bd3 Bd4+ 23. Kh1 Qd2 24. Rcd1 Qg5 25. Qb7 Rd8 26. Bxb5 Bxb5 27.
Qxb5 Rxd6 28. exf5 gxf5 29. Qe8+ Kg7 30. Rxf5 Qxf5 31. Qe7+ Qf7 32. Qxd6 Qxa2
33. Rf1 Qc2 34. Qf8+ Kg6 35. Qf7+ Kh6 36. Re1 Qf2 37. Re6+ Kg5 38. Re5+ 1-0

[Event "Vaujany Principal"]
[Site "Vaujany"]
[Date "2012.07.15"]
[Round "4.15"]
[White "Houard, Sebastien"]
[Black "Meng, Roger"]
[Result "0-1"]
[WhiteElo "2089"]
[BlackElo "2272"]
[Annotator "Jean-pierre,LEES"]
[PlyCount "68"]
[SourceDate "2012.07.12"]
[TimeControl "240+2"]

{1024MB, Fritz8.ctg
} 1. e4 c5 2. Nf3 e6 3. d4 cxd4 4. Nxd4 a6 5. Nc3 Qc7 6.
Bd3 Nf6 7. O-O Nc6 8. Nxc6 bxc6 9. Qe2 d5 10. Kh1 Be7 11. f4 Bb7 12. f5 e5 13.
b3 h5 14. Bb2 h4 15. Rae1 Bd6 16. Rf3 h3 17. Rxh3 Rxh3 18. gxh3 Ke7 19. Rg1 Rg8
20. Bxa6 Ba8 21. Bd3 Kf8 22. Rg3 Rh8 23. exd5 cxd5 24. Nb5 d4+ 25. Rg2 Qb8 26.
Nxd6 Qxd6 27. Kg1 Bxg2 28. Qxg2 Kg8 29. Bc4 e4 30. Qg3 Qb6 31. Kg2 Rh6 32. Qe5
e3 33. Be2 Qc6+ 34. Kg3 Qxc2 0-1

[Event "Vaujany Principal"]
[Site "Vaujany"]
[Date "2012.07.15"]
[Round "4.16"]
[White "Van Foreest, Jorden"]
[Black "Vledouts, Sacha"]
[Result "1-0"]
[WhiteElo "2209"]
[BlackElo "2035"]
[Annotator "Jean-pierre,LEES"]
[PlyCount "101"]
[SourceDate "2012.07.12"]
[TimeControl "240+2"]

{1024MB, Fritz8.ctg
} 1. d4 d5 2. c4 e6 3. Nc3 Nf6 4. cxd5 exd5 5. Bg5 Be7 6.
e3 c6 7. Bd3 Nbd7 8. Qc2 Nh5 (8... Nf8 9. Nf3 Ne6 10. Bh4 g6 11. O-O O-O 12.
Rab1 Ng7 13. b4 a6 14. a4 Bf5) (8... O-O 9. Nf3 Re8 10. O-O Nf8) 9. Bxe7 Qxe7
10. Nf3 (10. Nge2 g6 11. O-O-O Nb6 12. Kb1 Bd7 13. Rc1) 10... g6 11. O-O-O Ndf6
12. Ne5 (12. h3 Ng7 13. g4 Be6 14. Kb1 Nd7 15. e4 dxe4 16. Bxe4 Nf6 17. Rhe1
O-O 18. d5 cxd5 19. Bxd5) 12... Be6 13. f4 Ng7 14. Ne2 Ng4 15. Nxg4 Bxg4 16.
Qd2 O-O-O 17. Rde1 h5 18. Nc3 Bf5 19. Na4 Bxd3 20. Qxd3 Nf5 21. Re2 Rhe8 22.
Rhe1 Nd6 23. Rc2 Qe4 24. Qb3 Nf5 25. Nc5 Qe7 26. Rce2 b6 27. Nd3 f6 28. a4 Rd6
29. a5 Qb7 30. Qc3 Rde6 31. Nf2 Kb8 32. h3 c5 (32... Ng3 33. Rd2) 33. dxc5 d4
34. Qc4 bxc5 (34... dxe3 $142 35. Nd1) 35. exd4 Rxe2 36. Rxe2 Rxe2 37. Qxe2
cxd4 38. Qe8+ Qc8+ 39. Qxc8+ Kxc8 40. Kd2 h4 41. Ng4 Kc7 42. Nxf6 Ne3 43. Kd3
Nxg2 44. Nd5+ Kc6 45. Kxd4 Kd6 46. b4 Ne1 47. b5 Nf3+ 48. Ke3 Ng1 49. a6 Nxh3
50. b6 Nxf4 51. Kxf4 1-0

[Event "Vaujany"]
[Site "?"]
[Date "2012.07.15"]
[Round "4.17"]
[White "Roche, Yves"]
[Black "Philippe, Christophe"]
[Result "0-1"]
[WhiteElo "1954"]
[BlackElo "2403"]
[PlyCount "80"]
[EventDate "2012.07.20"]
[SourceDate "2012.07.12"]

1. d4 Nf6 2. Nf3 c5 3. d5 e6 4. c4 b5 5. e4 Nxe4 6. Bd3 Qa5+ 7. Nbd2 Nf6 8. O-O
Be7 9. d6 Bxd6 10. cxb5 Qc7 11. Ne4 Be7 12. Re1 Bb7 13. Ng3 a6 14. Qe2 axb5 15.
Bxb5 Nc6 16. Bd2 h5 17. Bc3 h4 18. Nf1 Nd5 19. Bd2 Bf6 20. Qc4 Nd4 21. Nxd4
Bxd4 22. Rac1 Bxb2 23. Rc2 Bd4 24. h3 Qd6 25. Qe2 Ra3 26. Rb1 Nb4 27. Bxb4 cxb4
28. Rb3 Rxb3 29. axb3 Rh6 30. Bd3 Qd5 31. Ne3 Bxe3 32. fxe3 Qxb3 33. Rb2 Qc3
34. Rc2 Qa1+ 35. Kh2 Qe5+ 36. Kg1 b3 37. Rc1 f5 38. Rc4 Rg6 39. e4 Bxe4 40. Qh5
Qg3 0-1

[Event "Vaujany"]
[Site "?"]
[Date "2012.07.14"]
[Round "4.18"]
[White "Di Nicolantonio, Lucas"]
[Black "Brest, Jean Franjou"]
[Result "1-0"]
[WhiteElo "2321"]
[BlackElo "2046"]
[PlyCount "43"]
[EventDate "2012.07.20"]
[SourceDate "2012.07.12"]

1. e4 e5 2. Nf3 Nc6 3. Bb5 a6 4. Ba4 Nf6 5. d4 exd4 6. O-O Be7 7. Re1 b5 8. Bb3
d6 9. Bd5 Nxd5 10. exd5 Ne5 11. Nxd4 O-O 12. a4 Bd7 13. Nc3 b4 14. Ne4 c5 15.
dxc6 Nxc6 16. Bf4 d5 17. Ng3 Bf6 18. Nxc6 Bxc6 19. Be5 d4 20. Nf5 Qd5 21. Qg4
h5 22. Ne7+ 1-0

[Event "Vaujany"]
[Site "?"]
[Date "2012.07.15"]
[Round "4.19"]
[White "Deleva, Mathias"]
[Black "Frick, Cristoph"]
[Result "0-1"]
[WhiteElo "2061"]
[BlackElo "2258"]
[PlyCount "160"]
[EventDate "2012.07.20"]
[SourceDate "2012.07.12"]

1. e4 c6 2. d4 d5 3. e5 Bf5 4. Nf3 e6 5. Be2 Ne7 6. O-O Nd7 7. Re1 Nc8 8. Nbd2
Be7 9. Nf1 O-O 10. h3 c5 11. c3 Ncb6 12. Ng3 Bg6 13. Be3 Rc8 14. Qd2 cxd4 15.
Bxd4 Nc5 16. Nh2 Nc4 17. Qc1 Qc7 18. Ng4 Nd7 19. f4 Rfd8 20. Rf1 Bh4 21. Kh2
Nc5 22. Ne3 Bd3 23. Bxc5 Bxg3+ 24. Kxg3 Bxe2 25. Rf2 Qxc5 26. Rxe2 d4 27. cxd4
Rxd4 28. Nxc4 Qxc4 29. Qxc4 Rcxc4 30. Rf1 g6 31. Rff2 Kf8 32. Rc2 Rxf4 33. b3
Rxf2 34. Rxf2 Re4 35. Rc2 Rxe5 36. Rc7 Rb5 37. Kf4 Kg7 38. g4 h6 39. Rd7 a5 40.
h4 g5+ 41. Kg3 gxh4+ 42. Kxh4 Rb4 43. Kh5 b6 44. Rd6 b5 45. Rb6 a4 46. bxa4
Rxa4 47. Rxb5 Rxa2 48. Kh4 Ra4 49. Kh5 Rd4 50. Rb7 Kf6 51. Rc7 Rd1 52. Kh4 Rf1
53. Rb7 Rf3 54. Rb6 Kg6 55. Rc6 Kg7 56. Rc7 Rd3 57. Rb7 Rd8 58. Rb5 Re8 59. Kg3
Kg6 60. Rb6 h5 61. gxh5+ Kxh5 62. Kf4 Kg6 63. Ra6 Kf6 64. Ke4 Rh8 65. Ra5 Rh4+
66. Ke3 Kg6 67. Kf3 f6 68. Kg3 Rb4 69. Kf3 e5 70. Ra3 Kf5 71. Kg3 Ke4 72. Kf2
Rb2+ 73. Kf1 Kf4 74. Rc3 e4 75. Ra3 f5 76. Rc3 e3 77. Ra3 Kf3 78. Ra1 Rh2 79.
Kg1 Rg2+ 80. Kf1 Rg8 0-1

[Event "Vaujany Principal"]
[Site "Vaujany"]
[Date "2012.07.15"]
[Round "4.20"]
[White "Ruecker, Benjamin"]
[Black "Petrone, Gianmario"]
[Result "1/2-1/2"]
[WhiteElo "2260"]
[BlackElo "1930"]
[Annotator "Jean-pierre,LEES"]
[PlyCount "57"]
[SourceDate "2012.07.12"]
[TimeControl "240+2"]

{1024MB, Fritz8.ctg
} 1. d4 Nf6 2. c4 g6 3. Nc3 Bg7 4. Nf3 O-O 5. g3 d6 6. Bg2
Nc6 7. O-O a6 8. Nd5 (8. h3 Rb8 9. e4 b5 10. e5 dxe5 11. dxe5 Qxd1 12. Rxd1 Nd7
13. e6 fxe6 14. cxb5 axb5) (8. d5 Na5 9. Nd2 c5 10. Qc2 Rb8 11. b3 b5 12. Bb2)
8... Nxd5 9. cxd5 Nb8 10. Be3 c6 11. dxc6 Nxc6 12. Qb3 Rb8 13. h3 Bd7 14. Rac1
Qa5 15. d5 Ne5 16. Nd4 b5 17. Bg5 Rfe8 18. Rfd1 Nc4 19. Rc2 h6 20. Bf4 g5 21.
Be3 Nxe3 22. Qxe3 Bxd4 23. Qxd4 Rbc8 24. Rxc8 Rxc8 25. Qe4 Qa4 26. Rd4 Qa5 27.
Rd1 Qa4 28. Rd4 Qa5 29. Rd1 1/2-1/2

[Event "Vaujany"]
[Site "?"]
[Date "2012.07.15"]
[Round "4.21"]
[White "Deleva, Michael"]
[Black "Haver, Bas"]
[Result "1/2-1/2"]
[WhiteElo "2255"]
[BlackElo "2021"]
[PlyCount "60"]
[EventDate "2012.07.20"]
[SourceDate "2012.07.12"]

1. e4 c5 2. c3 Nf6 3. e5 Nd5 4. Nf3 Nc6 5. Bc4 Nb6 6. Bb3 d6 7. exd6 exd6 8.
O-O Be7 9. d4 Bg4 10. h3 Bh5 11. dxc5 dxc5 12. Qe2 O-O 13. Be3 Qc7 14. Nbd2
Rad8 15. Ne4 Ne5 16. g4 Bg6 17. Nxe5 Qxe5 18. Ng3 Bd3 19. Qf3 Bxf1 20. Bf4 Qf6
21. Rxf1 Qc6 22. Qxc6 bxc6 23. Nf5 Nc8 24. Be5 Bf6 25. Nh6+ gxh6 26. Bxf6 Rd6
27. Be5 Rd2 28. Rb1 Re8 29. Bf4 Rde2 30. Be3 Nd6 1/2-1/2

[Event "Vaujany"]
[Site "?"]
[Date "2012.07.15"]
[Round "4.22"]
[White "Gonella, Daniele"]
[Black "Gombos, Bettina"]
[Result "1-0"]
[WhiteElo "2121"]
[BlackElo "1966"]
[PlyCount "61"]
[EventDate "2012.07.20"]
[SourceDate "2012.07.12"]

1. e4 c5 2. Nc3 a6 3. g3 b5 4. Bg2 Bb7 5. d3 e6 6. f4 Nc6 7. Nf3 d5 8. O-O Be7
9. h3 b4 10. exd5 exd5 11. Ne2 h5 12. d4 c4 13. Ne5 Nf6 14. Be3 Qc7 15. c3 a5
16. Qc2 Bc8 17. b3 cxb3 18. axb3 Nxe5 19. fxe5 Ne4 20. Bxe4 dxe4 21. Qxe4 Bb7
22. Qf5 Bd5 23. c4 Be6 24. Qf3 Bd8 25. Nf4 Ra6 26. Nxe6 Rxe6 27. Rxa5 O-O 28.
Rb5 Be7 29. Kh2 Rg6 30. Rb7 Qd8 31. d5 1-0